|
|
|
|
| LEADER |
00000nam a22000007a 4500 |
| 005 |
2020092203133.0 |
| 007 |
cr|||| |||| |
| 008 |
200922s2020 es |||||s|||| 00||0 spa d |
| 020 |
|
|
|a 978-84-1324-752-6
|
| 035 |
|
|
|a 32147
|
| 040 |
|
|
|a vLex
|
| 090 |
|
|
|c 10751
|d 10751
|
| 100 |
1 |
|
|a Marn̕ Conejo, Sergio
|
| 245 |
1 |
0 |
|a Construcciones culturales y polt̕icas del gňero
|h [Recurso electrn̤ico] /
|c Sergio Marn̕ Conejo, Eva Hernǹdez Martn̕ez, Jos ̌Manuel Lp̤ez-Agull ̤Přez-Caballero
|
| 256 |
|
|
|a Servicio en ln̕ea
|
| 260 |
|
|
|a Madrid:
|b Dykinson,
|c 2020
|
| 300 |
|
|
|a 1 recurso electrn̤ico
|
| 506 |
1 |
|
|a Disponible solo en los productos indicados
|d vLex Global
|d vLex Global (Academic Edition, excluding Law Schools)
|d vLex Global (U.S. Academic Edition, Law Schools)
|d vLex Global (U.S. Academic Edition, excluding Law Schools)
|d vLex Global (Academic Edition, Law Schools)
|
| 650 |
0 |
4 |
|a Derecho Pb︢lico y Administrativo
|z Espaą
|
| 650 |
0 |
4 |
|a Derecho Constitucional
|z Espaą
|
| 700 |
1 |
|
|a Hernǹdez Martn̕ez, Eva
|
| 700 |
1 |
|
|a Lp̤ez-Agull ̤Přez-Caballero, Jos ̌Manuel
|
| 740 |
0 |
|
|a vLex Libros (Servicio en ln̕ea)
|
| 856 |
4 |
0 |
|u http://vlex.com/source/construcciones-culturales-politicas-genero-32147
|z Acceso restringido
|
| 942 |
|
|
|c BOOK
|
| 999 |
0 |
|
|a Public and Administrative Law
|
| 999 |
0 |
|
|a Constitutional Law
|